| 000 | 00523nam a2200181 i 4500 | ||
|---|---|---|---|
| 001 | 46297 | ||
| 003 | ES-MaACL | ||
| 005 | 20230906161346.0 | ||
| 007 | t| | ||
| 008 | 030328s1965 sp ||||1| spa d | ||
| 100 | 1 |
_aComellas, José Luis. _939983 |
|
| 245 | 1 | 0 |
_aCánovas / _cJosé Luis Comellas. |
| 260 |
_a[Madrid] : _bCid, _c[1965] |
||
| 300 |
_a372 p., 4 lám. ; _c21 cm. |
||
| 600 | 1 | 4 |
_aCánovas del Castillo, Antonio, _d1828-1897- _xBiografías _9172706 |
| 852 |
_aES-MaACL _jC-27834 |
||
| 999 |
_c46297 _d46297 |
||